Music Quiz

Random Music or Singers Quiz

29 Under 30 (Singers) Quiz Stats

 Plays Quiz not verified by Sporcle

Score 0/29 Timer 04:00
0 Plays Today
% Correct
Katy Perry
95.7%
Adele
94.9%
Miley Cyrus
93.5%
Britney Spears
93.5%
Kesha
91%
Christina Aguilera
89.1%
Elvis Presley
88.6%
Taylor Swift
84.2%
Lorde
83.2%
Michael Jackson
81.5%
P!nk
81%
Rebecca Black
80.4%
Buddy Holly
75%
Bobby Darin
72.3%
Carrie Underwood
70.1%
% Correct
Tiffany
64.7%
Eddie Cochran
56.3%
Lesley Gore
53.8%
Paul Anka
51.1%
Bruno Mars
49.5%
Demi Lovato
47.8%
Selena Gomez
47.3%
Stevie Wonder
45.7%
Justin Bieber
42.3%
Brenda Lee
41.3%
Debbie Gibson
34.2%
Little Jimmy Osmond
33.2%
Kelly Clarkson
29.9%
Billie (Piper)
29.3%

You're not logged in!

Compare scores with friends on all Sporcle quizzes.
OR
Log In

Show Comments

Extras

Top Quizzes Today


Score Distribution

Your Account Isn't Verified!

In order to create a playlist on Sporcle, you need to verify the email address you used during registration. Go to your Sporcle Settings to finish the process.

Report this User

Report this user for behavior that violates our Community Guidelines.

Details: